|
|
|
|
| LEADER |
02488cam a2200505Ma 4500 |
| 001 |
ocn441816852 |
| 003 |
OCoLC |
| 005 |
20100917015550.0 |
| 006 |
m d |
| 007 |
cr un||||||||| |
| 008 |
071011s2008 enk ob 000 0 eng d |
| 020 |
|
|
|a 9781849504898 (electronic bk.) :
|c £80.95 ; € 115.95 ; $151.95
|
| 020 |
|
|
|a 184950489X (electronic bk.) :
|c £80.95 ; € 115.95 ; $151.95
|
| 020 |
|
|
|z 9780762314201 (hbk.)
|
| 020 |
|
|
|z 0762314206 (hbk.)
|
| 040 |
|
|
|a MERUC
|b eng
|c MERUC
|d OCLCQ
|d ZJC
|d GrThAP
|
| 050 |
1 |
4 |
|a HQ1233
|b .G459 2008
|
| 072 |
|
7 |
|a JFSJ
|2 bicssc
|
| 072 |
|
7 |
|a JPVH1
|2 bicssc
|
| 072 |
|
7 |
|a SOC026020
|2 bisacsh
|
| 072 |
|
7 |
|a SOC032000
|2 bisacsh
|
| 080 |
|
|
|a 316.34
|
| 082 |
0 |
4 |
|a 307.72/082
|2 22
|
| 245 |
0 |
0 |
|a Gender regimes, citizen participation and rural restructuring
|h [electronic resource] /
|c edited by Ildikó Asztalos Morell and Bettina B. Bock.
|
| 260 |
|
|
|a Oxford, UK ;
|a San Diego, CA :
|b Elsevier JAI,
|c 2008.
|
| 300 |
|
|
|a 1 online resource (xiv, 384 p.)
|
| 490 |
1 |
|
|a Research in rural sociology and development ;
|v v. 13
|
| 500 |
|
|
|a Title from e-book title screen (viewed Mar. 11, 2008).
|
| 504 |
|
|
|a Includes bibliographical references.
|
| 520 |
|
|
|a This volume looks at the construction of gendered citizenship in different rural contexts. These contexts represent different welfare state and gender regimes, and different rural/agricultural conditions as characterized in different countryside types. This is a study of gender, citizenship and gender regimes, in a rural context with an international list of contributors.
|
| 588 |
|
|
|a Description based on print version record.
|
| 650 |
|
0 |
|a Rural women
|x Social conditions.
|
| 650 |
|
0 |
|a Sociology, Rural.
|
| 650 |
|
0 |
|a Sex role in the work environment.
|
| 650 |
|
0 |
|a Women in agriculture.
|
| 650 |
|
0 |
|a Local government
|x Citizen participation.
|
| 650 |
|
7 |
|a Gender studies, gender groups.
|2 bicssc
|
| 650 |
|
7 |
|a Social Science
|x Sociology
|x Rural.
|2 bisacsh
|
| 650 |
|
7 |
|a Social Science
|x Gender Studies.
|2 bisacsh
|
| 700 |
1 |
|
|a Asztalos Morell, Ildikó.
|
| 700 |
1 |
|
|a Bock, Bettina B.
|q (Bettina Barbara),
|d 1960-
|
| 776 |
0 |
8 |
|i Print version:
|t Gender regimes, citizen participation and rural restructuring.
|b 1st ed.
|d Amsterdam ; Boston : Elsevier JAI, 2008
|z 9780762314201
|w (OCoLC)190776649
|
| 830 |
|
0 |
|a Research in rural sociology and development ;
|v v. 13.
|
| 856 |
4 |
0 |
|u http://www.emeraldinsight.com/1057-1922/13
|z Full Text via HEAL-Link
|
| 913 |
|
|
|1 SSbacklist
|